[Event "Paris-ch op-C 87th"]
[Site "Paris"]
[Date "2012.07.11"]
[Round "3"]
[White "Farinone, Jean Marc"]
[Black "Rynik, Gerard"]
[Result "1/2-1/2"]
[WhiteElo "1844"]
[BlackElo "1758"]
[PlyCount "91"]
[EventDate "2012.07.07"]
[EventType "swiss"]
[EventRounds "9"]
[EventCountry "FRA"]
[SourceTitle "EXT 2014"]
[Source "ChessBase"]
[SourceDate "2013.11.20"]
[SourceVersion "1"]
[SourceVersionDate "2013.11.20"]
[SourceQuality "1"]

1. d4 b6 2. e4 Bb7 3. Bd3 e6 4. Nf3 g6 5. Bg5 f6 6. Be3 Bg7 7. c4 Ne7 8. Nc3 0-0 9. Qd2 f5 10. Bh6 Bxe4 11. Bxg7 Kxg7 12. Bxe4 fxe4 13. Nxe4 Nf5 14. 0-0 Nd6 15. Nxd6 cxd6 16. Rfe1 Na6 17. Ng5 Qf6 18. Ne4 Qe7 19. Re3 Nc7 20. Rh3 h5 21. Nc3 Rf5 22. Re3 Raf8 23. f3 d5 24. cxd5 Nxd5 25. Re5 Nxc3 26. Qxc3 d6 27. Re3 Qg5 28. Kh1 Qe7 29. Rae1 R5f6 30. Qc6 Re8 31. Qc4 Qd7 32. Rc3 Rf7 33. Rec1 e5 34. Qd3 Qf5 35. Qxf5 gxf5 36. dxe5 dxe5 37. Kg1 Re6 38. Kf2 Rd7 39. Ke2 Kf6 40. Rc6 Rg7 41. Kf2 Rd7 42. Rxe6+ Kxe6 43. Rc2 Kf6 44. Rc6+ Kg5 45. Ke2 h4 46. Re6 1/2-1/2

[Event "Paris-ch op-B"]
[Site "Paris"]
[Date "2009.07.08"]
[Round "5"]
[White "Farinone, Jean Marc"]
[Black "Pluyaud, Benoit"]
[Result "1/2-1/2"]
[WhiteElo "1761"]
[BlackElo "1827"]
[PlyCount "64"]
[EventDate "2009.07.04"]
[EventType "swiss"]
[EventRounds "9"]
[EventCountry "FRA"]
[SourceTitle "EXT 2010"]
[Source "ChessBase"]
[SourceDate "2010.11.25"]
[SourceVersion "1"]
[SourceVersionDate "2010.11.25"]
[SourceQuality "1"]

1. d4 Nf6 2. c4 e6 3. Nc3 Bb4 4. Qc2 c5 5. dxc5 Bxc5 6. Nf3 h6 7. e3 0-0 8. Be2 b6 9. 0-0 Nc6 10. a3 Bb7 11. Rd1 Qc8 12. b3 Rd8 13. Bb2 Be7 14. Rac1 d6 15. Nb5 e5 16. Nc3 Nb8 17. Nh4 Na6 18. Nf5 Bf8 19. e4 Nc5 20. Ng3 Bc6 21. Rd2 Qb7 22. f3 a5 23. a4 g6 24. Rcd1 Ne6 25. Nd5 Bxd5 26. exd5 Nf4 27. Ne4 Nxe4 28. fxe4 Qe7 29. Rf1 h5 30. Qc3 Bh6 31. Rc2 Kh7 32. Bd1 Rf8 1/2-1/2

[Event "FRA-ch Accession"]
[Site "Besancon"]
[Date "2006.08.25"]
[Round "10"]
[White "Farinone, Jean Marc"]
[Black "Saucey, Capucine"]
[Result "1-0"]
[WhiteElo "1599"]
[BlackElo "1660"]
[PlyCount "183"]
[EventDate "2006.08.15"]
[EventType "swiss"]
[EventRounds "10"]
[EventCountry "FRA"]
[SourceTitle "CBM 113 Extra"]
[Source "ChessBase"]
[SourceDate "2006.09.14"]
[SourceVersion "1"]
[SourceVersionDate "2006.09.14"]
[SourceQuality "1"]

1. d4 d5 2. c4 e6 3. Nc3 Be7 4. Nf3 Nf6 5. Bg5 h6 6. Bh4 0-0 7. e3 b6 8. cxd5 Nxd5 9. Bxe7 Qxe7 10. Qb3 Bb7 11. Be2 Nd7 12. 0-0 c5 13. a3 Rfc8 14. Rac1 N7f6 15. Rfd1 Nxc3 16. Rxc3 Ne4 17. Rc2 Rc7 18. Rdc1 Rac8 19. Qa4 Ba8 20. h3 Kf8 21. dxc5 Nxc5 22. Qf4 Bxf3 23. gxf3 e5 24. Qf5 Qg5+ 25. Qxg5 hxg5 26. Kg2 Ne6 27. Rxc7 Rxc7 28. Rxc7 Nxc7 29. Kg3 Ke7 30. Kg4 Kf6 31. h4 gxh4 32. Kxh4 Ne6 33. Bc4 Nc5 34. Kg4 Kg6 35. b4 Na4 36. Bd3+ Kf6 37. f4 exf4 38. Kxf4 Nc3 39. f3 Nd1 40. e4 Nf2 41. Bf1 Nd1 42. e5+ Ke7 43. Ke4 Kd7 44. Bb5+ Ke6 45. Bc4+ Ke7 46. Kd4 g6 47. Ke4 Ke8 48. Kd4 Ke7 49. Bb3 Nf2 50. Bc4 Nd1 51. Be2 Nf2 52. Kd5 Kd7 53. Bb5+ Kc7 54. Be8 Nd3 55. Bxf7 Kd7 56. e6+ Ke7 57. Kc6 a5 58. bxa5 bxa5 59. Kb5 g5 60. Kxa5 Ne5 61. Bh5 Kxe6 62. Kb5 Kd6 63. a4 Kc7 64. Kc5 Nd3+ 65. Kd4 Nf4 66. Bf7 Ne2+ 67. Ke5 Nc3 68. Be8 Kd8 69. Bb5 Kc7 70. Kf6 g4 71. fxg4 Kb6 72. Be8 Ka5 73. Kf5 Nd5 74. g5 Ne7+ 75. Kf6 Nd5+ 76. Kg7 Nc7 77. Bd7 Nd5 78. Kh6 Ne7 79. g6 Nxg6 80. Kxg6 Kb6 81. Kf6 Kc7 82. Bb5 Kb6 83. Ke5 Ka5 84. Kd4 Kb6 85. Kc4 Ka5 86. Kb3 Kb6 87. Kb4 Kb7 88. Ka5 Ka7 89. Bc6 Kb8 90. Kb6 Kc8 91. a5 Kb8 92. a6 1-0

[Event "FRA-ch Accession"]
[Site "Besancon"]
[Date "2006.08.21"]
[Round "6"]
[White "De Castet, Antoine"]
[Black "Farinone, Jean Marc"]
[Result "0-1"]
[WhiteElo "1570"]
[BlackElo "1599"]
[PlyCount "48"]
[EventDate "2006.08.15"]
[EventType "swiss"]
[EventRounds "10"]
[EventCountry "FRA"]
[SourceTitle "CBM 113 Extra"]
[Source "ChessBase"]
[SourceDate "2006.09.14"]
[SourceVersion "1"]
[SourceVersionDate "2006.09.14"]
[SourceQuality "1"]

1. c4 Nf6 2. Nc3 e6 3. Nf3 d5 4. e3 c6 5. a3 Qa5 6. Nd4 c5 7. Nb3 Qd8 8. d4 cxd4 9. Nxd4 Be7 10. Qa4+ Bd7 11. Qb3 Nc6 12. cxd5 Nxd4 13. exd4 Nxd5 14. Nxd5 exd5 15. Qxb7 Bf5 16. Qc6+ Kf8 17. Bf4 Rc8 18. Qa6 g5 19. Qh6+ Kg8 20. Bd2 f6 21. Bc3 Bg4 22. Bd3 Bf8 23. Bxh7+ Rxh7 24. Qg6+ Rg7 0-1